LEADER 02073oam 2200517M 450 001 9910716282503321 005 20200213071018.7 035 $a(CKB)5470000002519297 035 $a(OCoLC)1065665599 035 $a(OCoLC)995470000002519297 035 $a(EXLCZ)995470000002519297 100 $a20071213d1926 ua 0 101 0 $aeng 135 $aurcn||||||||| 181 $ctxt$2rdacontent 182 $cc$2rdamedia 183 $acr$2rdacarrier 200 10$aAir Commerce Act of 1926. Mr. Bingham submitted the following conference report on Bill (S. 41) to encourage and regulate the use of aircraft in commerce, and for other purposes. May 10, 1926. -- Ordered to be printed 210 1$a[Washington, D.C.] :$c[U.S. Government Printing Office],$d1926. 215 $a1 online resource (9 pages) 225 1 $aSenate document / 69th Congress, 1st session. Senate ;$vno. 108 225 1 $a[United States congressional serial set ] ;$v[serial no. 8558] 300 $aBatch processed record: Metadata reviewed, not verified. Some fields updated by batch processes. 300 $aFDLP item number not assigned. 517 $aAir Commerce Act of 1926. Mr. Bingham submitted the following conference report on Bill 606 $aAeronautics 606 $aEconomic development 606 $aLegislative amendments 606 $aRegulations 606 $aResearch 608 $aLegislative materials.$2lcgft 615 0$aAeronautics. 615 0$aEconomic development. 615 0$aLegislative amendments. 615 0$aRegulations. 615 0$aResearch. 701 $aBingham$b Hiram$f1875-1956$pRepublican (CT)$0463205 801 0$bWYU 801 1$bWYU 801 2$bOCLCO 801 2$bOCLCQ 801 2$bOCLCO 906 $aBOOK 912 $a9910716282503321 996 $aAir Commerce Act of 1926. Mr. Bingham submitted the following conference report on Bill (S. 41) to encourage and regulate the use of aircraft in commerce, and for other purposes. May 10, 1926. -- Ordered to be printed$93510535 997 $aUNINA